[Event "Mario-Desautels mem"]
[Site "Hull CAN"]
[Date "2002.11.26"]
[Round "2"]
[White "Rose, Richard"]
[Black "Brousseau, Yvan"]
[Result "0-1"]
[WhiteElo "1814"]
[BlackElo "1931"]
[PlyCount "88"]
[EventDate "2002.11.19"]
[EventType "swiss"]
[EventRounds "5"]
[EventCountry "CAN"]

1. e4 g6 2. d4 Bg7 3. Nf3 d6 4. Be3 Nf6 5. Bd3 Nc6 6. c3 e5 7. d5 Ne7 8. h3 O-O
9. Qd2 Nxe4 10. Bxe4 f5 11. Bc2 f4 12. Bxf4 Rxf4 13. Na3 Bh6 14. Kf1 Qf8 15.
Qe2 Nxd5 16. Bb3 Be6 17. Nc2 Re8 18. Rd1 c6 19. c4 Nc7 20. Ne3 Kh8 21. Nh2 Bc8
22. Nhg4 Bg7 23. g3 Rf7 24. Qd2 Rd8 25. Kg2 Ne6 26. Nc2 Nc5 27. Rhf1 Nxb3 28.
axb3 d5 29. cxd5 cxd5 30. Qa5 b6 31. Qb5 h5 32. Nh2 Bf5 33. Ne3 Bd7 34. Qe2 Bc6
35. Kg1 Qb4 36. Qc2 Qd6 37. g4 Qe6 38. Qe2 d4 39. gxh5 Qxh3 40. Qc4 Rf6 41. f3
gxh5 42. Rf2 Bh6 43. Ng2 Rg8 44. Rd3 Be3 0-1

[Event "Mario-Desautels mem"]
[Site "Hull CAN"]
[Date "2002.12.03"]
[Round "3"]
[White "Brousseau, Yvan"]
[Black "Groleau, Gilles"]
[Result "1-0"]
[WhiteElo "1931"]
[BlackElo "2137"]
[PlyCount "127"]
[EventDate "2002.11.19"]
[EventType "swiss"]
[EventRounds "5"]
[EventCountry "CAN"]

1. Nf3 Nf6 2. c4 e6 3. d4 b6 4. Bg5 h6 5. Bh4 Bb7 6. Nbd2 c5 7. e3 Be7 8. dxc5
bxc5 9. Bd3 d6 10. O-O Nc6 11. a3 a5 12. Nb1 g5 13. Bg3 Nh5 14. Nc3 g4 15. Nd2
f5 16. f3 Nxg3 17. hxg3 Ne5 18. Be2 h5 19. f4 Ng6 20. e4 Bf6 21. Nb5 Bc6 22.
exf5 exf5 23. Re1 Bxb5 24. Bd3+ Kf7 25. cxb5 Bd4+ 26. Kf1 Qf6 27. Qb3+ Kg7 28.
Re6 Qf7 29. Rae1 h4 30. Bc4 hxg3 31. Qxg3 Rh1+ 32. Ke2 Rxe1+ 33. Kxe1 Re8 34.
Rxe8 Qxe8+ 35. Kd1 Bxb2 36. Qb3 Bd4 37. g3 Ne7 38. b6 Qb8 39. b7 a4 40. Qb5 d5
41. Bxd5 Bf2 42. Qd7 Kf8 43. Nf1 c4 44. Bxc4 Bc5 45. Be6 Qd6+ 46. Qxd6 Bxd6 47.
Bd7 Nd5 48. Bxf5 Nc3+ 49. Kc2 Nb5 50. Bd7 Nxa3+ 51. Kd3 Ke7 52. Bxa4 Kd8 53.
Bc6 Kc7 54. Be4 Nb5 55. Ne3 Bc5 56. Nxg4 Nd6 57. Ne5 Bf2 58. g4 Bg3 59. Ke3
Nxb7 60. Bxb7 Kxb7 61. Kf3 Be1 62. g5 Bb4 63. f5 Kc7 64. g6 1-0

[Event "Mario-Desautels mem"]
[Site "Hull CAN"]
[Date "2002.12.03"]
[Round "3"]
[White "Laurin, Jacques"]
[Black "Lavergne, Daniel"]
[Result "1/2-1/2"]
[WhiteElo "1924"]
[BlackElo "1732"]
[PlyCount "46"]
[EventDate "2002.11.19"]
[EventType "swiss"]
[EventRounds "5"]
[EventCountry "CAN"]

1. c4 e5 2. Nc3 Nf6 3. g3 c6 4. Bg2 d5 5. cxd5 cxd5 6. Qb3 Bc5 7. Nxd5 Nc6 8.
Qc4 Bxf2+ 9. Kxf2 Be6 10. e4 O-O 11. Nf3 Nxe4+ 12. Qxe4 Bxd5 13. Qe3 Qf6 14.
Qg5 Qd6 15. Re1 Nb4 16. Re3 Nc2 17. Rxe5 Bxf3 18. Bxf3 f6 19. Qf5 fxe5 20. Qxc2
Qd4+ 21. Kg2 Rxf3 22. Kxf3 Rf8+ 23. Kg2 Qf2+ 1/2-1/2

[Event "Mario-Desautels mem"]
[Site "Hull CAN"]
[Date "2002.12.10"]
[Round "4"]
[White "Groleau, Gilles"]
[Black "Pepin, Christian"]
[Result "0-1"]
[WhiteElo "2137"]
[BlackElo "1940"]
[PlyCount "82"]
[EventDate "2002.11.19"]
[EventType "swiss"]
[EventRounds "5"]
[EventCountry "CAN"]

1. e4 c6 2. d4 d5 3. exd5 cxd5 4. Bd3 Nf6 5. c3 Bg4 6. Qb3 Qd7 7. Bf4 Nc6 8.
Nd2 Nh5 9. Bg3 Nxg3 10. hxg3 O-O-O 11. Ngf3 f6 12. Kf1 Bf5 13. Qc2 Bxd3+ 14.
Qxd3 e5 15. Nh4 e4 16. Qe2 Ne7 17. g4 g5 18. Nf5 Nxf5 19. gxf5 Qxf5 20. c4 dxc4
21. Qxc4+ Kb8 22. Re1 Rc8 23. Qb3 Qd7 24. Nxe4 Qxd4 25. Rh3 Bb4 26. Nc3 Bc5 27.
Rf3 Qh4 28. Ne2 g4 29. Rf5 Qh1+ 30. Ng1 Bd6 31. g3 Be5 32. Qf7 h5 33. b4 h4 34.
gxh4 Bh2 35. Qxf6 Rhe8 36. Rxe8 Rxe8 37. Re5 Qxg1+ 38. Ke2 Rxe5+ 39. Kd2 Qe1+
40. Kc2 Re2+ 41. Kb3 Qb1+ 0-1

[Event "Mario-Desautels mem"]
[Site "Hull CAN"]
[Date "2002.12.10"]
[Round "4"]
[White "Lacourse, Guy"]
[Black "Arsenault, Yves"]
[Result "1-0"]
[WhiteElo "1625"]
[BlackElo "1446"]
[PlyCount "79"]
[EventDate "2002.11.19"]
[EventType "swiss"]
[EventRounds "5"]
[EventCountry "CAN"]

1. d4 Nf6 2. Nf3 d5 3. c4 c6 4. Nc3 Bf5 5. e3 e6 6. a4 Bb4 7. Bd2 Nbd7 8. Rc1
O-O 9. Be2 c5 10. O-O Nb6 11. dxc5 Bxc5 12. cxd5 exd5 13. Nb5 Ne4 14. Ba5 a6
15. Nbd4 Be6 16. Nxe6 fxe6 17. Nd4 Qf6 18. f3 Bxd4 19. exd4 Ng5 20. Bxb6 e5 21.
Qb3 Qd6 22. Bc5 Qe6 23. Bxf8 exd4 24. Bd3 Rxf8 25. Rfe1 Qd6 26. Qxb7 Rb8 27.
Rc8+ Rxc8 28. Qxc8+ Kf7 29. Qe8+ Kf6 30. h4 Nxf3+ 31. Kf2 Ne5 32. Qxe5+ Qxe5
33. Rxe5 Kxe5 34. Bxa6 Ke4 35. Ke2 Kf4 36. Bb7 Ke4 37. b4 d3+ 38. Kd2 Kd4 39.
a5 Kc4 40. a6 1-0

[Event "Mario-Desautels mem"]
[Site "Hull CAN"]
[Date "2002.12.17"]
[Round "5"]
[White "Brousseau, Yvan"]
[Black "Lavergne, Daniel"]
[Result "1-0"]
[WhiteElo "1931"]
[BlackElo "1732"]
[PlyCount "69"]
[EventDate "2002.11.19"]
[EventType "swiss"]
[EventRounds "5"]
[EventCountry "CAN"]

1. d4 Nf6 2. c4 e6 3. Nc3 Bb4 4. Bd2 O-O 5. Nf3 c5 6. a3 Bxc3 7. Bxc3 Ne4 8. e3
d5 9. Bd3 Nxc3 10. bxc3 dxc4 11. Bxc4 Nd7 12. O-O b6 13. Re1 Qc7 14. Bd3 Rd8
15. Ng5 Nf6 16. Nf3 Bb7 17. Ne5 Rac8 18. Qa4 Ne4 19. Bxe4 Bxe4 20. f3 Ba8 21.
Qb3 Qe7 22. Rad1 cxd4 23. cxd4 Bd5 24. Qb2 f6 25. Nd3 Bc4 26. Nb4 a5 27. Nd3
Qb7 28. Nf4 Kf7 29. Rb1 b5 30. Ne2 Qd7 31. Nc3 Rb8 32. Ne4 b4 33. Rec1 Bd3 34.
Nc5 bxa3 35. Qxa3 1-0

[Event "Mario-Desautels mem"]
[Site "Hull CAN"]
[Date "2002.12.17"]
[Round "5"]
[White "Pepin, Christian"]
[Black "Laurin, Jacques"]
[Result "1-0"]
[WhiteElo "1940"]
[BlackElo "1924"]
[PlyCount "66"]
[EventDate "2002.11.19"]
[EventType "swiss"]
[EventRounds "5"]
[EventCountry "CAN"]

1. e4 c5 2. Nf3 d6 3. c3 Nf6 4. Qc2 Bg4 5. Be2 Nc6 6. d3 g6 7. Be3 Bg7 8. Nbd2
O-O 9. h3 Be6 10. d4 cxd4 11. Nxd4 Bd7 12. O-O Qc8 13. Rac1 d5 14. Nxc6 bxc6
15. e5 Bf5 16. exf6 Bxc2 17. fxg7 Kxg7 18. Rxc2 e5 19. b4 Rd8 20. Nb3 f5 21.
Nc5 a5 22. a3 Kf6 23. f4 e4 24. a4 axb4 25. Bd4+ Kf7 26. cxb4 Qb8 27. Rb2 Qc7
28. a5 g5 29. Bh5+ Ke7 30. fxg5 Rf8 31. Bf6+ Rxf6 32. gxf6+ Kxf6 33. Rbf2 Qg3
1-0

[Event "Mario-Desautels mem"]
[Site "Hull CAN"]
[Date "2002.12.17"]
[Round "5"]
[White "Rose, Richard"]
[Black "Groleau, Gilles"]
[Result "0-1"]
[WhiteElo "1814"]
[BlackElo "2137"]
[PlyCount "122"]
[EventDate "2002.11.19"]
[EventType "swiss"]
[EventRounds "5"]
[EventCountry "CAN"]

1. e4 c5 2. Nf3 e6 3. d4 cxd4 4. Nxd4 Nf6 5. Bd3 Nc6 6. c3 Be7 7. O-O d6 8. Be3
Bd7 9. Nd2 a6 10. f4 O-O 11. f5 e5 12. N4b3 b5 13. Qf3 Kh8 14. g4 Ng8 15. Qg2
Bg5 16. Rae1 f6 17. Kh1 Na5 18. Qg3 Nxb3 19. axb3 Bc6 20. h4 Bxe3 21. Rxe3 d5
22. Kh2 Rc8 23. Bb1 Qb6 24. exd5 Bxd5 25. b4 Rfd8 26. Ne4 Bxe4 27. Bxe4 Rd2+
28. Rf2 Rcd8 29. Ree2 Rxe2 30. Rxe2 Qd6 31. Qf3 Ne7 32. Re3 Qd2+ 33. Re2 Qc1
34. Qe3 Qxe3 35. Rxe3 Rd2+ 36. Kg3 Nd5 37. Rd3 Rxd3+ 38. Bxd3 Kg8 39. c4 Nxb4
40. cxb5 axb5 41. Bxb5 Kf8 42. Kf3 Ke7 43. Ke4 Kd6 44. Bc4 Kc5 45. b3 h6 46. g5
hxg5 47. hxg5 Nc6 48. gxf6 gxf6 49. Kf3 Kd4 50. Kg4 e4 51. Kf4 Ne5 52. Bf1 Nd3+
53. Kg4 e3 54. Kf3 Nb4 55. Bc4 Nc6 56. Ke2 Ke4 57. Bd3+ Kf4 58. Ke1 Nb4 59. Bb1
Kf3 60. Kf1 e2+ 61. Ke1 Ke3 0-1

[Event "Mauricie op"]
[Site "Trois-Rivieres CAN"]
[Date "2002.03.15"]
[Round "1"]
[White "Camire, Pierre"]
[Black "Goulet, Jean-Claude"]
[Result "1-0"]
[WhiteElo "1339"]
[BlackElo "1202"]
[PlyCount "86"]
[EventDate "2002.03.15"]
[EventType "swiss"]
[EventRounds "5"]
[EventCountry "CAN"]

1. d4 d5 2. c4 c6 3. e3 e6 4. Nf3 Nf6 5. Nc3 Be7 6. Bd3 Nbd7 7. O-O O-O 8. Re1
c5 9. cxd5 exd5 10. dxc5 Nxc5 11. Bc2 b6 12. b4 Nce4 13. Nxd5 Bb7 14. Nxe7+
Qxe7 15. a3 Rac8 16. Bb2 Rfd8 17. Nd4 Nc3 18. Bxc3 Rxc3 19. Qd2 a6 20. Rec1 g6
21. Qe1 Rdc8 22. Bb3 R3c7 23. Rxc7 Rxc7 24. Bd1 b5 25. Bf3 Bxf3 26. Nxf3 Ne4
27. Rc1 Nd6 28. Nd2 Qd8 29. Rd1 Qc8 30. Nb3 Nc4 31. Ra1 Re7 32. Rc1 Rc7 33. Qc3
Rd7 34. h3 h5 35. Na5 Qd8 36. Nxc4 bxc4 37. Qxc4 Rd1+ 38. Rxd1 Qxd1+ 39. Kh2
Qa4 40. Qc3 g5 41. Qd3 Qe8 42. Qxa6 h4 43. Qf6 Qf8 1-0

[Event "Mauricie op"]
[Site "Trois-Rivieres CAN"]
[Date "2002.03.15"]
[Round "1"]
[White "Cloutier, Mario"]
[Black "Bolduc, Steve"]
[Result "0-1"]
[WhiteElo "2003"]
[BlackElo "2156"]
[PlyCount "114"]
[EventDate "2002.03.15"]
[EventType "swiss"]
[EventRounds "5"]
[EventCountry "CAN"]

1. e4 c5 2. c3 Nf6 3. e5 Nd5 4. d4 e6 5. Nf3 d6 6. a3 cxd4 7. cxd4 Nc6 8. Bd3
Qc7 9. O-O h6 10. Qe2 Bd7 11. Re1 Na5 12. Bd2 Nb3 13. Ra2 O-O-O 14. Nc3 Nxd2
15. Qxd2 Nxc3 16. bxc3 Bc6 17. Be4 Bxe4 18. Rxe4 d5 19. Re1 Kb8 20. Rb1 Rd7 21.
Qd3 Be7 22. Nd2 Rc8 23. Rb3 g6 24. g3 Qa5 25. Rab2 Rdc7 26. Nb1 h5 27. h3 Ka8
28. Qe2 Qa4 29. Qd3 b6 30. Kg2 Qc4 31. Qf3 Bg5 32. Rb4 Qc6 33. Qe2 Be7 34. R4b3
h4 35. g4 Rf8 36. Qa6 Qb7 37. Rxb6 Qxa6 38. Rxa6 Rb8 39. Rxb8+ Kxb8 40. Ra4 Kb7
41. Kf3 Kc6 42. Ke3 Kb5 43. Rb4+ Bxb4 44. axb4 Kc4 45. Na3+ Kb3 46. Nb5 Rd7 47.
Kf4 a6 48. Nd6 Kxc3 49. Kg5 Kxb4 50. Kf6 a5 51. Nxf7 a4 52. Kxe6 Ra7 53. Nd8
Kc4 54. Nc6 Ra6 55. Kd7 Rxc6 56. Kxc6 a3 57. e6 a2 0-1

[Event "Mauricie op"]
[Site "Trois-Rivieres CAN"]
[Date "2002.03.15"]
[Round "1"]
[White "Martin, Jean"]
[Black "Ye, Ling Feng"]
[Result "0-1"]
[WhiteElo "1139"]
[BlackElo "1396"]
[PlyCount "86"]
[EventDate "2002.03.15"]
[EventType "swiss"]
[EventRounds "5"]
[EventCountry "CAN"]
[Source "CFC"]
[SourceDate "2002.10.??"]

1. e4 c5 2. Nc3 e6 3. d3 d6 4. g3 Nf6 5. Bg2 Be7 6. Nge2 O-O 7. O-O Nc6 8. h3
a6 9. Be3 Qc7 10. Nf4 Bd7 11. Rb1 Rac8 12. a3 Rfe8 13. g4 h6 14. Nce2 g5 15.
Nh5 Nxh5 16. gxh5 f5 17. f4 Qd8 18. Qe1 Kh7 19. c3 Rg8 20. Kh1 Qe8 21. exf5
exf5 22. Bd5 Rg7 23. Ng3 g4 24. hxg4 Rxg4 25. Rg1 Bh4 26. Bf3 Bxg3 27. Rxg3
Qxh5+ 28. Kg2 Rxg3+ 29. Qxg3 Qf7 30. Kh3 b6 31. b4 Ne5 32. Bb7 Rg8 33. Qh4 Ng6
34. Qf2 d5 35. Rf1 Ne5 36. Qe2 Rg4 37. Qxg4 Nxg4 38. Bg1 Bb5 39. Ba8 Bxd3 40.
Re1 Qf6 41. Bb7 Qxc3 42. Re7+ Kg8 43. Kh4 Qf6+ 0-1

[Event "Mauricie op"]
[Site "Trois-Rivieres CAN"]
[Date "2002.03.16"]
[Round "2"]
[White "Bolduc, Steve"]
[Black "Khassanov, Marat"]
[Result "1/2-1/2"]
[WhiteElo "2156"]
[BlackElo "2401"]
[PlyCount "53"]
[EventDate "2002.03.15"]
[EventType "swiss"]
[EventRounds "5"]
[EventCountry "CAN"]

1. d4 d5 2. c4 dxc4 3. Nf3 Nf6 4. Nc3 a6 5. e3 Bg4 6. Bxc4 Nc6 7. d5 Ne5 8. Be2
Nxf3+ 9. Bxf3 Qd7 10. O-O O-O-O 11. Bxg4 Qxg4 12. Qxg4+ Nxg4 13. e4 e6 14. h3
Ne5 15. Rd1 Bb4 16. Bf4 Nc4 17. Na4 exd5 18. b3 b5 19. bxc4 dxc4 20. Nb2 Bc3
21. Rab1 Bxb2 22. Rxd8+ Rxd8 23. Rxb2 Rd1+ 24. Kh2 c3 25. Rb3 Rd3 26. a4 c6 27.
Kg1 1/2-1/2

[Event "Mauricie op"]
[Site "Trois-Rivieres CAN"]
[Date "2002.03.16"]
[Round "2"]
[White "Mai, Lloyd"]
[Black "Camire, Pierre"]
[Result "1/2-1/2"]
[WhiteElo "1279"]
[BlackElo "1339"]
[PlyCount "75"]
[EventDate "2002.03.15"]
[EventType "swiss"]
[EventRounds "5"]
[EventCountry "CAN"]

1. e4 c5 2. Nf3 d6 3. Bc4 Nf6 4. Nc3 Nc6 5. d3 e6 6. a3 Be7 7. Be3 Bd7 8. O-O
O-O 9. h3 a6 10. Nh2 Ne8 11. f4 Bf6 12. Bd2 g6 13. Ng4 Bg7 14. Qe2 Nd4 15. Qd1
Kh8 16. Ne3 Bc6 17. Na2 Bd7 18. c3 b5 19. Bb3 Nxb3 20. Qxb3 Nf6 21. f5 Ne8 22.
fxg6 fxg6 23. Rxf8+ Bxf8 24. Ng4 Bg7 25. Rf1 e5 26. Qd5 Bxg4 27. hxg4 Nc7 28.
Qc6 Kg8 29. Nc1 Qe7 30. Bg5 Qxg5 31. Qxc7 Rf8 32. Rxf8+ Bxf8 33. Ne2 Qe3+ 34.
Kf1 Qxd3 35. Qc8 Qb1+ 36. Kf2 Qxb2 37. g5 Qd2 38. Qe6+ 1/2-1/2

[Event "Mauricie op"]
[Site "Trois-Rivieres CAN"]
[Date "2002.03.16"]
[Round "3"]
[White "Bolduc, Steve"]
[Black "Schleifer, Michael"]
[Result "1-0"]
[WhiteElo "2156"]
[BlackElo "2393"]
[PlyCount "85"]
[EventDate "2002.03.15"]
[EventType "swiss"]
[EventRounds "5"]
[EventCountry "CAN"]

1. d4 Nf6 2. Nf3 g6 3. g3 Bg7 4. Bg2 d5 5. O-O O-O 6. c4 dxc4 7. Na3 Nc6 8.
Nxc4 Be6 9. b3 Bd5 10. Bb2 a5 11. Rc1 a4 12. bxa4 Ra6 13. a3 Qa8 14. a5 Rc8 15.
Ne3 Be4 16. Bh3 Rd8 17. Ng5 Rxa5 18. Nxe4 Nxe4 19. Qc2 Bxd4 20. Nc4 Rh5 21. Bg4
Bxb2 22. Nxb2 Rb5 23. Qxe4 Rxb2 24. Rxc6 bxc6 25. Qxe7 Qb8 26. Kg2 Rd6 27. h4
Qd8 28. Qe5 Rb5 29. Qc3 Qf6 30. Qe3 h5 31. Bf3 Kg7 32. Qa7 Qe7 33. a4 Rb4 34.
Rc1 Qd7 35. a5 Rb5 36. Ra1 c5 37. a6 c4 38. Qe3 Rb3 39. Qc5 Rxf3 40. exf3 Rd1
41. Rxd1 Qxd1 42. Qxc4 Qa1 43. Qc6 1-0

[Event "Mauricie op"]
[Site "Trois-Rivieres CAN"]
[Date "2002.03.16"]
[Round "3"]
[White "Camire, Pierre"]
[Black "Boucher, Richard"]
[Result "1-0"]
[WhiteElo "1339"]
[BlackElo "1107"]
[PlyCount "43"]
[EventDate "2002.03.15"]
[EventType "swiss"]
[EventRounds "5"]
[EventCountry "CAN"]

1. d4 Nf6 2. c4 g6 3. e3 Bg7 4. Nf3 d6 5. Nc3 O-O 6. Bd3 Nc6 7. O-O e5 8. dxe5
dxe5 9. Bc2 Nb4 10. a3 Nxc2 11. Qxc2 Bf5 12. e4 Bc8 13. Bg5 Qe7 14. Nd5 Qd6 15.
c5 Qd8 16. Rad1 Bd7 17. Nxe5 h6 18. Nxf6+ Bxf6 19. Bxf6 Qxf6 20. Nxd7 Qg7 21.
Nxf8 Qxf8 22. Rd7 1-0

[Event "Mauricie op"]
[Site "Trois-Rivieres CAN"]
[Date "2002.03.17"]
[Round "4"]
[White "Fortier, Marc-Andre"]
[Black "Bolduc, Steve"]
[Result "0-1"]
[WhiteElo "2181"]
[BlackElo "2156"]
[PlyCount "82"]
[EventDate "2002.03.15"]
[EventType "swiss"]
[EventRounds "5"]
[EventCountry "CAN"]

1. e4 c5 2. Nc3 Nc6 3. g3 g6 4. Bg2 Bg7 5. d3 e6 6. Be3 b6 7. Nge2 Nge7 8. d4
cxd4 9. Nxd4 a6 10. Qd2 Bb7 11. f4 Na5 12. b3 Rc8 13. O-O O-O 14. Nce2 f5 15.
e5 Bxg2 16. Kxg2 Nd5 17. c4 Nxe3+ 18. Qxe3 Qc7 19. Rfd1 Rfd8 20. Rd3 Bf8 21.
Rad1 Nb7 22. Nc3 Bb4 23. Qf3 Nc5 24. Re3 Kf7 25. Ncb5 axb5 26. Nxb5 Qc6 27. a3
Bxa3 28. Nxa3 Ra8 29. Nb5 Ra2+ 30. Kg1 Qxf3 31. Rxf3 Rb2 32. Rd6 Rb8 33. h3 Ke7
34. Nd4 Rb7 35. g4 Ne4 36. gxf5 Nxd6 37. exd6+ Kxd6 38. fxe6 dxe6 39. Re3 Re7
40. Re5 Rd2 41. Nb5+ Kd7 0-1

[Event "Mauricie op"]
[Site "Trois-Rivieres CAN"]
[Date "2002.03.17"]
[Round "4"]
[White "Giroux, Jessy"]
[Black "Camire, Pierre"]
[Result "0-1"]
[WhiteElo "1060"]
[BlackElo "1339"]
[PlyCount "68"]
[EventDate "2002.03.15"]
[EventType "swiss"]
[EventRounds "5"]
[EventCountry "CAN"]

1. e4 c5 2. Nf3 d6 3. Bc4 Nf6 4. Nc3 Nc6 5. O-O e6 6. d4 cxd4 7. Nxd4 Be7 8.
Bb5 Bd7 9. Re1 O-O 10. Bxc6 bxc6 11. f4 e5 12. Nde2 Ng4 13. h3 Qb6+ 14. Nd4
Qxd4+ 15. Qxd4 exd4 16. Ne2 Ne3 17. Nxd4 Nc4 18. b3 Nb6 19. Ba3 Rfe8 20. Rad1
d5 21. Bxe7 Rxe7 22. e5 Rae8 23. g4 g5 24. f5 Rxe5 25. Rxe5 Rxe5 26. Nf3 Re2
27. Nxg5 f6 28. Nf3 Rxc2 29. Nd4 Rxa2 30. Re1 Nc8 31. Nxc6 Bxc6 32. Re6 Kf7 33.
Rxc6 Ne7 34. h4 Nxc6 0-1

[Event "Mauricie op"]
[Site "Trois-Rivieres CAN"]
[Date "2002.03.17"]
[Round "4"]
[White "Schleifer, Michael"]
[Black "Caceres Cortes, Julio"]
[Result "1/2-1/2"]
[WhiteElo "2393"]
[BlackElo "2083"]
[PlyCount "128"]
[EventDate "2002.03.15"]
[EventType "swiss"]
[EventRounds "5"]
[EventCountry "CAN"]

1. d4 d5 2. c4 e6 3. Nc3 c6 4. e3 Nf6 5. Nf3 Nbd7 6. Bd3 dxc4 7. Bxc4 b5 8. Bd3
a6 9. O-O c5 10. b3 Bb7 11. Bb2 cxd4 12. Nxd4 Be7 13. Qe2 O-O 14. Rad1 Qb6 15.
Bb1 Rfd8 16. f3 Rac8 17. g4 Bb4 18. Rc1 Ne5 19. g5 Nd5 20. Nxd5 Bxd5 21. h4
Rxc1 22. Rxc1 Bc5 23. Bxh7+ Kxh7 24. Qc2+ Kg8 25. Qxc5 Qxc5 26. Rxc5 Nxf3+ 27.
Nxf3 Bxf3 28. Bd4 Rd6 29. Kf2 Be4 30. Rc8+ Kh7 31. h5 Rd7 32. Kg3 Bb1 33. Kf4
Rd5 34. Re8 Rf5+ 35. Kg4 Rf1 36. h6 Bf5+ 37. Kg3 gxh6 38. Rh8+ Kg6 39. gxh6 Rh1
40. Bg7 Rh3+ 41. Kg2 Rxe3 42. Rg8 Re2+ 43. Kg3 Rxa2 44. Bf8+ Kh7 45. Rg7+ Kxh6
46. Kf4 Rf2+ 47. Ke3 Rc2 48. Rxf7+ Kg6 49. Ra7 Rc3+ 50. Kf4 Rxb3 51. Rxa6 Kf6
52. Bd6 Rd3 53. Be5+ Ke7 54. Rb6 Rd5 55. Rb7+ Ke8 56. Rb6 Kd7 57. Bb8 Bd3 58.
Be5 Bc4 59. Ke4 Rd1 60. Bb8 Rb1 61. Kd4 Rb3 62. Be5 Rd3+ 63. Ke4 Rd1 64. Bb8
Rb1 1/2-1/2

[Event "Mauricie op"]
[Site "Trois-Rivieres CAN"]
[Date "2002.03.17"]
[Round "5"]
[White "Germain, Claude"]
[Black "Camire, Pierre"]
[Result "1/2-1/2"]
[WhiteElo "1375"]
[BlackElo "1339"]
[PlyCount "104"]
[EventDate "2002.03.15"]
[EventType "swiss"]
[EventRounds "5"]
[EventCountry "CAN"]

1. e4 c5 2. Nc3 d6 3. Bc4 Nf6 4. d3 Nc6 5. Bb5 a6 6. Bxc6+ bxc6 7. Bg5 e5 8.
Nge2 Be7 9. O-O O-O 10. h3 Be6 11. Ng3 Qd7 12. Qf3 Ne8 13. Bxe7 Qxe7 14. Nf5
Bxf5 15. exf5 d5 16. Rfe1 f6 17. Nxd5 cxd5 18. Qxd5+ Kh8 19. Qxa8 Nc7 20. Qb7
Qd6 21. Rab1 Kg8 22. b4 cxb4 23. Rxb4 Nb5 24. Ra4 Nc7 25. Ree4 Rf7 26. Qc8+ Rf8
27. Qb7 Rf7 28. Ra5 Rd7 29. Rc4 Kf7 30. Rc6 Qe7 31. c4 Nd5 32. Qxa6 Nb4 33. Qb5
Nxc6 34. Qxc6 Rxd3 35. Qc5 Qxc5 36. Rxc5 Ra3 37. Rc7+ Kf8 38. g3 Rxa2 39. Kg2
Ra3 40. h4 Rd3 41. h5 h6 42. c5 Kg8 43. c6 Kh7 44. Rd7 Rc3 45. c7 Rc2 46. Kf3
Rc4 47. Re7 Rc3+ 48. Ke4 Rc5 49. Kd3 Rc6 50. Ke4 Rc5 51. Kd3 Rc1 52. Kd2 Rc6
1/2-1/2

[Event "Mauricie op"]
[Site "Trois-Rivieres CAN"]
[Date "2002.03.17"]
[Round "5"]
[White "Luksza, Arkadiusz"]
[Black "Voloaca, Mihnea"]
[Result "0-1"]
[WhiteElo "2248"]
[BlackElo "2135"]
[PlyCount "74"]
[EventDate "2002.03.15"]
[EventType "swiss"]
[EventRounds "5"]
[EventCountry "CAN"]

1. c4 c6 2. Nf3 d5 3. e3 Nf6 4. d4 e6 5. Nc3 Nbd7 6. Bd3 dxc4 7. Bxc4 b5 8. Bd3
Bb7 9. O-O a6 10. e4 c5 11. d5 c4 12. Bc2 Qc7 13. dxe6 fxe6 14. Qe2 Bd6 15. Nd4
Bxh2+ 16. Kh1 Nc5 17. f4 e5 18. Nd5 Bxd5 19. exd5 O-O 20. d6 Qxd6 21. Nf5 Qe6
22. Kxh2 e4 23. Ne3 Nd3 24. Bxd3 exd3 25. Qf3 Ne4 26. f5 Qe5+ 27. Qf4 Rae8 28.
Ng4 Qd5 29. Be3 h5 30. Nh6+ gxh6 31. Qxh6 Qd6+ 32. Qxd6 Nxd6 33. Bc5 Rf6 34.
Bxd6 Rxd6 35. Kg3 Re2 36. Rae1 Rxb2 37. f6 Re2 0-1

[Event "Medicine Hat op"]
[Site "Medicine Hat CAN"]
[Date "2002.09.14"]
[Round "1"]
[White "Li, Zhichao"]
[Black "Quiring, John"]
[Result "1-0"]
[WhiteElo "2116"]
[BlackElo "1884"]
[PlyCount "87"]
[EventDate "2002.09.14"]
[EventType "swiss"]
[EventRounds "5"]
[EventCountry "CAN"]

1. e4 e5 2. Nf3 Nc6 3. Bc4 Bc5 4. O-O d6 5. c3 Be6 6. Bxe6 fxe6 7. d4 exd4 8.
cxd4 Bb6 9. d5 Ne5 10. Nxe5 dxe5 11. Qh5+ Kf8 12. Qxe5 exd5 13. Bg5 Nf6 14. Nc3
c6 15. exd5 cxd5 16. Bxf6 Qxf6 17. Qxf6+ gxf6 18. Nxd5 Rd8 19. Nxb6 axb6 20.
Rfd1 Ke7 21. Kf1 Rxd1+ 22. Rxd1 Rc8 23. Ke2 Rc6 24. h4 Rc7 25. g3 Rc6 26. Rd2
Rc5 27. Ke3 Re5+ 28. Kf4 Rc5 29. b3 Ke6 30. Re2+ Kf7 31. f3 Rc6 32. h5 Rc3 33.
g4 Rc5 34. Re4 b5 35. Rb4 Ke6 36. a4 bxa4 37. bxa4 Rc7 38. Ke4 Ke7 39. Kd5 Rd7+
40. Kc5 Rc7+ 41. Kb6 Rd7 42. Re4+ Kf7 43. a5 Kf8 44. Rc4 1-0

[Event "Medicine Hat op"]
[Site "Medicine Hat CAN"]
[Date "2002.09.14"]
[Round "2"]
[White "Kuczaj, Chris"]
[Black "Li, Zhichao"]
[Result "1/2-1/2"]
[WhiteElo "2014"]
[BlackElo "2116"]
[PlyCount "113"]
[EventDate "2002.09.14"]
[EventType "swiss"]
[EventRounds "5"]
[EventCountry "CAN"]

1. e4 c6 2. Nc3 d5 3. d4 dxe4 4. Nxe4 Bf5 5. Ng3 Bg6 6. Nf3 Nd7 7. h4 h6 8. h5
Bh7 9. Bd3 Bxd3 10. Qxd3 Qc7 11. Bd2 Ngf6 12. O-O-O e6 13. Kb1 O-O-O 14. Qe2
Bd6 15. Nf1 Rhe8 16. c4 e5 17. d5 Kb8 18. Ne3 Ne4 19. Nf5 Nxd2+ 20. Nxd2 Bf8
21. Ne4 cxd5 22. Rxd5 Nb6 23. Rxd8+ Rxd8 24. Rc1 f6 25. g3 Qf7 26. c5 Nd5 27.
Qb5 Nc7 28. Qe2 g6 29. Nfd6 Bxd6 30. cxd6 Na6 31. hxg6 Qxg6 32. Qc4 f5 33. d7
Qc6 34. Nc5 Nxc5 35. Qxc5 Qxd7 36. Qxe5+ Ka8 37. a3 a6 38. Ka1 Re8 39. Qf4 Re2
40. Qxh6 Qd4 41. Qf8+ Ka7 42. Qc5+ Qxc5 43. Rxc5 Rxf2 44. Rc3 Kb6 45. Ka2 Ka5
46. Kb3 b5 47. Rc6 Rf1 48. Ka2 Rf2 49. Kb3 Rf3+ 50. Rc3 Rxc3+ 51. Kxc3 Ka4 52.
Kc2 b4 53. axb4 Kxb4 54. b3 Ka3 55. Kc3 a5 56. Kc4 Kb2 57. b4 1/2-1/2

[Event "Medicine Hat op"]
[Site "Medicine Hat CAN"]
[Date "2002.09.14"]
[Round "2"]
[White "Szulski, Adam"]
[Black "Taylor, William"]
[Result "0-1"]
[WhiteElo "1647"]
[BlackElo "1923"]
[PlyCount "184"]
[EventDate "2002.09.14"]
[EventType "swiss"]
[EventRounds "5"]
[EventCountry "CAN"]
[SourceDate "2003.08.17"]

1. e4 Nf6 2. e5 Nd5 3. d4 d6 4. Nf3 Bg4 5. Be2 e6 6. c4 Nb6 7. O-O Be7 8. Nc3
O-O 9. Be3 dxe5 10. Nxe5 Bxe2 11. Qxe2 N8d7 12. b3 a6 13. Rad1 c6 14. Qg4 Nf6
15. Qg3 g6 16. Bh6 Re8 17. Qf3 Bf8 18. Bg5 Kg7 19. Ne4 Be7 20. Rfe1 Rf8 21.
Bxf6+ Bxf6 22. Qxf6+ Qxf6 23. Nxf6 Kxf6 24. c5 Nd5 25. Nd7+ Ke7 26. Nxf8 Rxf8
27. Rd2 Rd8 28. g3 h5 29. f4 h4 30. Kg2 Rh8 31. Rf2 f5 32. Rfe2 Nc7 33. Re3 Kf6
34. Kf3 hxg3 35. hxg3 Rd8 36. Rd3 Nb5 37. Red1 Rh8 38. a4 Nc7 39. R3d2 Nd5 40.
Rg2 Nc3 41. Rdg1 Rh3 42. Rc2 Ne4 43. Re2 g5 44. fxg5+ Nxg5+ 45. Kf4 Rh8 46.
Rge1 Rh3 47. b4 Rh8 48. Rb1 Rd8 49. Rd1 Rg8 50. Rh2 Rg6 51. Rdh1 Ne4 52. Rh6
Nf2 53. Rxg6+ Kxg6 54. Rb1 Ne4 55. b5 Nc3 56. bxc6 bxc6 57. Ra1 Ne2+ 58. Ke5
Kf7 59. Ra3 Ke7 60. Re3 Nc1 61. Rf3 a5 62. Rc3 Na2 63. Rc2 Nb4 64. Rd2 Nd5 65.
Rh2 Nf6 66. Rb2 Nd7+ 67. Kf4 e5+ 68. Ke3 Ke6 69. Rb7 Nf6 70. Ra7 Nd5+ 71. Kd2
exd4 72. Rxa5 Nc3 73. Kd3 Kd5 74. Ra8 Kxc5 75. Ra5+ Kd6 76. Rxf5 c5 77. Rf6+
Ke5 78. Ra6 Kd5 79. a5 c4+ 80. Kc2 Ne4 81. g4 d3+ 82. Kd1 c3 83. Ra8 Nf2+ 84.
Ke1 d2+ 85. Kxf2 c2 86. Rd8+ Ke4 87. Rxd2 c1=Q 88. Re2+ Kf4 89. a6 Qc5+ 90. Kg2
Kxg4 91. Re4+ Kf5 92. Kf3 Qd5 0-1